Statistics for Ziad Fazah Polyglot Claims

Click here to take the quiz!

General Stats

  • This quiz has been taken 19 times
  • The average score is 41 of 59

Answer Stats

Language% Correct
Arabic
100%
French
100%
Italian
100%
Persian
100%
Russian
100%
Serbo-Croatian
100%
Spanish
100%
Armenian
92%
Danish
92%
Dutch
92%
English
92%
German
92%
Japanese
92%
Norwegian
92%
Portuguese
92%
Albanian
83%
Greek
83%
Hindi
83%
Hungarian
83%
Korean
83%
Malay
83%
Mandarin
83%
Romanian
83%
Swedish
83%
Turkish
83%
Amharic
75%
Azerbaijani
75%
Bulgarian
75%
Finnish
75%
Khmer
75%
Pashto
75%
Polish
75%
Urdu
75%
Cantonese
67%
Czech
67%
Icelandic
67%
Indonesian
67%
Tajik
67%
Uzbek
67%
Bengali
58%
Hebrew
58%
Maltese
58%
Nepali
58%
Thai
58%
Vietnamese
58%
Kyrgyz
50%
Lao
50%
Shanghainese
50%
Swahili
50%
Burmese
42%
Dzongkha
42%
Mongolian
42%
Malagasy
33%
Sinhala
33%
Samoan
25%
Fijian
17%
Singlish
17%
Standard Tibetan
17%
Papiamento
8%

Score Distribution

Percentile by Number Answered

Percent of People with Each Score

Your Score History

You have not taken this quiz